|
|
|
|
| LEADER |
00000nab a2200000 a 4500 |
| 001 |
vtls001012131 |
| 003 |
SK-MaSNL |
| 005 |
20260305033839.0 |
| 008 |
040720e20030922xo 0 slo |
| 035 |
|
|
|a RV12731
|
| 040 |
|
|
|a RVGKPD
|b slo
|c RVGKPD
|e AACR2
|
| 041 |
0 |
|
|a slo
|
| 044 |
|
|
|a xo
|c SK
|
| 080 |
|
|
|a 622-051
|2 1981
|
| 100 |
0 |
|
|a (ana)
|4 aut
|9 878314
|
| 245 |
1 |
0 |
|a V Rakovnici sa stretli bývalí baníci
|
| 300 |
|
|
|b 1 foto
|
| 500 |
|
|
|a stretnutie
|
| 650 |
0 |
7 |
|a baníci
|2 RVGKPD
|9 29899
|
| 651 |
|
7 |
|a Rožňava (Slovensko : okres)
|2 RVGKPD
|9 19215
|
| 651 |
|
7 |
|a Rakovnica (Slovensko)
|2 RVGKPD
|9 29093
|
| 655 |
|
7 |
|a periodikum
|2 snkbucl
|9 29553
|
| 773 |
0 |
8 |
|t Gemerský denník
|g Roč. 5, č.217, 22.9.2003, s. 2
|
| 852 |
|
|
|a ZVYKNI
|b KIS3GCP
|
| 999 |
|
|
|c 3326439
|d 3328369
|